| 000 | 00439nam a2200169Ia 4500 | ||
|---|---|---|---|
| 008 | 210716s2004 xx 000 0 und d | ||
| 020 | _a8125908838 | ||
| 041 | _aeng | ||
| 082 | _a657.046 MAHS | ||
| 100 | _aMaheshwari, S N;Maheshwari, S K. | ||
| 245 | _aAdvanced accountancy. | ||
| 250 | _a8 | ||
| 260 |
_aNew Delhi _bVikas Publishing House Pvt Ltd _c2004 |
||
| 300 | _axviii,3.216,A-17 | ||
| 440 | _v1 | ||
| 650 | _aAccounting(657) | ||
| 999 |
_c203452 _d203452 |
||